000
00322nam a22001457a 4500
008
210311b ||||| |||| 00| 0 eng d
020
_a
9780393934151
041
_a
eng
080
_2
11th
_a
781
082
_2
11th
_a
781
100
_a
45
101
_a
MUZ
245
_a
The Enjoyment of Music
_c
Forney,K
942
_2
udc
_c
BK
999
_c
56363
_d
56363